banner-ar

سنا البرق الشامى : 562 هـ 1166م : 583 هـ 1187م : (Record no. 36973)

MARC details
000 -الفاتح
حقل البيانات ثابتة الطول 01105nam a2200205Ia 4500
005 - وقت وتاريخ اخر تعامل مع التسجيلة
رقم الضبط 20240530103123.0
008 - عناصر البيانات ثابتة الطول - معلومات عامة
حقل البيانات ثابتة الطول 140319s9999 xx 000 0 ara d
040 ## - مصدر الفهرسة
وكالة الفهرسة الأصلية GCL /
وكالة النسخ GCL
082 04 - رقم تصنيف ديوى العشرى
رقم التصنيف 953.07393
رقم المادة ا س
100 1# - المدخل الرئيسى - إسم شخصى
الإسم الشخصى ابوالفرج الاصفهانى: على بن الحسين بن محمد بن الهيثم عبدالرحمن بن مروان البغدادى
245 10 - بيان العنوان
العنوان سنا البرق الشامى : 562 هـ 1166م : 583 هـ 1187م :
بقية العنوان اختصار الفتح بن على البندارى من كتاب البرق الشامى للعماد الكاتب الاصفهانى /
بيان المسئوليه,etc ابوالفرج الاصفهانى: على بن الحسين بن محمد بن الهيثم عبدالرحمن بن مروان البغدادى
260 ## - PUBLICATION, DISTRIBUTION, ETC. (IMPRINT)
تاريخ النشر أو التوزيع 1979
300 ## - الوصف المادى
التعداد 374 ص؛
أبعاد الوعاء 24 سم
650 04 - المدخل الاضافى بالموضوع-مصطلح موضوعى
مصطلح موضوعي الحروب الصليبية
650 04 - المدخل الاضافى بالموضوع-مصطلح موضوعى
مصطلح موضوعي التاريخ الاسلامى
700 1# - المدخل الاضافى - اسم شخصى
الإسم الشخصى البندارى الاصفهانى، الفتح بن على
700 1# - المدخل الاضافى - اسم شخصى
الإسم الشخصى فتحية النبراوى
الدور تحقيق
942 ## - عناصر المدخل الإضافي( كوها)
مصدر التصنيف او مخطط الترفيف Dewey Decimal Classification
Koha [default] item type كتاب
260 ## - PUBLICATION, DISTRIBUTION, ETC. (IMPRINT)
-- القاهرة :
-- مكتبة الخانجى ،
Holdings
حالة التراجع حالة الفقد حالة تلف ليس للاعارة المكان المؤقت الموقع الحالى تاريخ الاكتساب اجمالي اﻻعارات رقم الطلب الباركود تاريخ اخر مشاهدة تاريخ تفعيل السعر نوع وعاء كوها
        مكتبة القاهرة الكبرى مكتبة القاهرة الكبرى 03/26/2014   953.07393\ا س 89936 03/26/2014 03/26/2014 كتاب
        مكتبة القاهرة الكبرى مكتبة القاهرة الكبرى 03/26/2014   953.07393\ا س 89937 03/26/2014 03/26/2014 كتاب

Powered By

EGPV